000 01143cam a22002415a 4500
001 L137945
008 070509s2005 xxk f 100 0 eng d
035 _a(Sirsi) u137945
041 0 _aeng
100 1 _aMale, Steven
245 0 0 _aReappraising value methodologies in construction for achieving best value
_h[electronic resource]
260 _c2005
490 0 _aCOBRA
_v2005
520 _aPresents the results from a programme of action research studies, including a value methodology shaped around generic study styles. Concludes that the future of value management lies in designing, tailoring and implementing a particular generic study style to a specific situation.
651 4 _aInternational
690 _aBUILT ENVIRONMENT-QUANTITY SURVEYING-CONSTRUCTION COST MANAGEMENT
700 1 _aKelly, John
700 1 _aDrummond, Graham
700 1 _aGronqvist, Marcus
711 2 _aConstruction and Building Research Conference
_cUniversity of Queensland, Brisbane
_d4-5 July 2005
856 4 0 _uhttps://www.rics.org/site/scripts/download_info.aspx?downloadID=2579
_zView the item free of charge at www.rics.org...
942 _n0
999 _c106945
_d106945